Statistics for West Bromwich Albion Squad 2015-2016

Click here to take the quiz!

General Stats

  • This quiz has been taken 5 times
  • The average score is 15 of 26

Answer Stats

#PositionNationPlayer% Correct
18FWBurundiSaido Berahino
100%
-CoachWalesTony Pulis
100%
1GKEnglandBen Foster
80%
5MFArgentinaClaudio Yacob
80%
25DFEnglandCraig Dawson
80%
16DFCosta RicaCristian Gamboa
80%
3DFSwedenJonas Olsson
80%
6DFNorthern IrelandJonny Evans
80%
33FWVenezuelaSalomón Rondón
80%
13GKWalesBoaz Myhill
60%
11MFNorthern IrelandChris Brunt
60%
8MFEnglandCraig Gardner
60%
24MFScotlandDarren Fletcher
60%
23DFNorthern IrelandGareth McAuley
60%
4DFWalesJames Chester
60%
7MFScotlandJames Morrison
60%
29FWBeninStéphane Sessègnon
60%
21GKDenmarkAnders Lindegaard
40%
14FWIrelandJames McClean
40%
31FWGermanySerge Gnabry
40%
10FWNigeriaVictor Anichebe
40%
20MFEnglandAlex Pritchard
20%
30MFBrazilSandro
20%
15DFBelgiumSébastien Pocognoli
20%
19FWEnglandCallum McManaman
0%
17FWEnglandRickie Lambert
0%

Score Distribution

Percentile by Number Answered

Percent of People with Each Score

Your Score History

You have not taken this quiz